[Event "26th EUR-ch"]
[Site "Katowice POL"]
[Date "2026.04.10"]
[Round "4.118"]
[White "Lehaci, Miruna-Daria"]
[Black "Sanikidze, Tornike"]
[Result "1-0"]
[WhiteElo "2258"]
[BlackElo "2432"]
[EventDate "2026.04.07"]
[PlyCount "109"]

1.e4 g6 2.d4 Bg7 3.Nf3 d6 4.Bd3 Nc6 5.c3 e5 6.h3 Nf6 7.O-O O-O 8.Re1 Nh5 
9.Be3 Nf4 10.Bxf4 exf4 11.b4 a6 12.a4 g5 13.Nbd2 h6 14.Qe2 Re8 15.b5 axb5 
16.axb5 Rxa1 17.Rxa1 Ne7 18.Qd1 c5 19.Qc2 cxd4 20.cxd4 Be6 21.Rc1 d5 22.e5
Qa8 23.Qb2 Rc8 24.Nb3 b6 25.Ra1 Qb8 26.Qb1 Rc3 27.Nc1 Bf8 28.h4 g4 29.Nd2 
Rc7 30.Ne2 f3 31.gxf3 Qc8 32.fxg4 Bxg4 33.Ng3 h5 34.Ndf1 Bh6 35.Ra3 Kg7 
36.f3 Rc1 37.Qb4 Be3+ 38.Kh2 Rc2+ 39.Be2 Bf4 40.Qxe7 Rxe2+ 41.Kg1 Bxg3 42.
Qg5+ Kh7 43.Nxg3 Qc2 44.Nxe2 Qxe2 45.Qe3 Qd1+ 46.Kh2 Bf5 47.Ra2 Qb1 48.Rg2
Qxb5 49.Qg5 Bg6 50.e6 Qc6 51.e7 b5 52.Qe5 Qe8 53.Qd6 f6 54.Qxf6 Qb8+ 55.f4
1-0

[Event "26th EUR-ch"]
[Site "Katowice POL"]
[Date "2026.04.10"]
[Round "4.119"]
[White "Davtian, Arsen"]
[Black "Perets, Dmytro"]
[Result "1-0"]
[WhiteElo "2430"]
[BlackElo "2253"]
[EventDate "2026.04.07"]
[PlyCount "81"]

1.e4 c5 2.Nf3 Nc6 3.Bb5 e6 4.Bxc6 bxc6 5.b3 f6 6.e5 Qc7 7.Bb2 Be7 8.O-O 
Nh6 9.exf6 Bxf6 10.Bxf6 gxf6 11.d4 cxd4 12.Qxd4 Ke7 13.Nc3 Nf5 14.Qd3 Qd6 
15.Qe4 Qc5 16.Na4 Qd5 17.Qb4+ Qd6 18.Nc5 Rb8 19.Qc3 Qf4 20.Nd3 Qc7 21.Rfe1
Rg8 22.Rad1 Kf7 23.Qd2 c5 24.Nf4 d6 25.Nxe6 Bxe6 26.Rxe6 Kxe6 27.Qd5+ Kd7 
28.Qxf5+ Kc6 29.Qe4+ Kb6 30.Nd2 Rbd8 31.Nc4+ Ka6 32.g3 Rge8 33.Qd5 Qb7 34.
Qd2 Qb4 35.c3 Qb5 36.Qd5 Qd7 37.a4 Rg8 38.b4 Qxa4 39.b5+ Kxb5 40.Rb1+ Ka6 
41.Qb7# 1-0

[Event "26th EUR-ch"]
[Site "Katowice POL"]
[Date "2026.04.10"]
[Round "4.120"]
[White "Boci, Mateu"]
[Black "Akhvlediani, Irakli"]
[Result "0-1"]
[WhiteElo "2256"]
[BlackElo "2429"]
[EventDate "2026.04.07"]
[PlyCount "54"]

1.e4 e5 2.Nf3 Nc6 3.Bc4 Bc5 4.c3 Nf6 5.d3 d6 6.O-O a5 7.a4 O-O 8.h3 Be6 9.
Nbd2 h6 10.Re1 Ba7 11.Bxe6 fxe6 12.Nf1 d5 13.Qb3 Qd6 14.Be3 d4 15.cxd4 
exd4 16.Bd2 Nd7 17.Ng3 Nc5 18.Qc4 Rxf3 19.gxf3 Ne5 20.Qc2 Nxf3+ 21.Kg2 
Nxd2 22.Ra3 Qf4 23.Re2 Nf3 24.Ra1 Nh4+ 25.Kh2 Rf8 26.Qc4 Qf3 27.Rg1 Qxd3 
0-1

[Event "26th EUR-ch"]
[Site "Katowice POL"]
[Date "2026.04.10"]
[Round "4.121"]
[White "Romanyshyn, Oleh"]
[Black "Besou, Hussain"]
[Result "1/2-1/2"]
[WhiteElo "2255"]
[BlackElo "2427"]
[EventDate "2026.04.07"]
[PlyCount "53"]

1.Nf3 d5 2.g3 Nc6 3.d4 Bf5 4.c4 e6 5.Bg2 Nb4 6.Na3 c6 7.O-O Be7 8.Bd2 a5 
9.Bxb4 axb4 10.Nc2 dxc4 11.Ne3 Be4 12.Nxc4 h5 13.Ncd2 Bxf3 14.Nxf3 h4 15.
Qb3 Qd5 16.Ne5 Qb5 17.Qf3 Nf6 18.Nxc6 Bd6 19.Ne5 Ra7 20.Qd3 Qxd3 21.Nxd3 
hxg3 22.hxg3 O-O 23.e4 Be7 24.e5 Nd7 25.Rfc1 b6 26.Bc6 Rd8 27.a4 1/2-1/2

[Event "26th EUR-ch"]
[Site "Katowice POL"]
[Date "2026.04.10"]
[Round "4.122"]
[White "Veljanoski, Andrej"]
[Black "Makkar, Rajat"]
[Result "1-0"]
[WhiteElo "2255"]
[BlackElo "2422"]
[EventDate "2026.04.07"]
[PlyCount "63"]

1.e4 c5 2.Nf3 Nc6 3.d4 cxd4 4.Nxd4 e5 5.Nb5 d6 6.N1c3 a6 7.Na3 Be6 8.Be3 
Nf6 9.Nc4 b5 10.Nb6 Rb8 11.Nbd5 Bxd5 12.Nxd5 Nxe4 13.a4 Qa5+ 14.c3 Qd8 15.
axb5 axb5 16.Ra6 Qc8 17.Bb6 Be7 18.Bxb5 Kf8 19.Qd3 Nf6 20.Nxf6 Bxf6 21.
Qxd6+ Ne7 22.Bd7 Qb7 23.O-O Ra8 24.Bb5 h5 25.Rfa1 Rc8 26.Bd7 Rb8 27.Bc7 
Rh6 28.Bxb8 Bh4 29.Qa3 Qxd7 30.Rxh6 gxh6 31.Bxe5 Bxf2+ 32.Kh1 1-0

[Event "26th EUR-ch"]
[Site "Katowice POL"]
[Date "2026.04.10"]
[Round "4.123"]
[White "Brzezina, Pawel"]
[Black "Tadic, Stefan"]
[Result "1/2-1/2"]
[WhiteElo "2247"]
[BlackElo "2421"]
[EventDate "2026.04.07"]
[PlyCount "76"]

1.d4 d5 2.c4 e6 3.Nf3 Nd7 4.g3 dxc4 5.Bg2 Rb8 6.a4 a6 7.a5 Bd6 8.Nbd2 b5 
9.axb6 Nxb6 10.O-O Ne7 11.Qc2 Bb7 12.Rd1 Ned5 13.Nxc4 Nxc4 14.Qxc4 Nb4 15.
Bg5 Qc8 16.Ne1 Bd5 17.Bxd5 exd5 18.Qc1 O-O 19.Bd2 Re8 20.Bxb4 Rxb4 21.Nc2 
Rb6 22.Ne3 Qh3 23.Rd3 Bxg3 24.fxg3 Rh6 25.Kf2 Qxh2+ 26.Ke1 Qxg3+ 27.Kd2 
Rhe6 28.Qg1 Qd6 29.Raa3 c5 30.Qxg7+ Kxg7 31.Nf5+ Kf8 32.Nxd6 Rxd6 33.dxc5 
Rde6 34.e3 Rd8 35.Rd4 Rc6 36.b4 Ke7 37.Kd3 Rb8 38.Rh4 h6 1/2-1/2

[Event "26th EUR-ch"]
[Site "Katowice POL"]
[Date "2026.04.10"]
[Round "4.124"]
[White "Govciyan, Pavel"]
[Black "Brozyna, Mateusz"]
[Result "1/2-1/2"]
[WhiteElo "2420"]
[BlackElo "2242"]
[EventDate "2026.04.07"]
[PlyCount "84"]

1.Nf3 d5 2.g3 Nf6 3.Bg2 e6 4.O-O Be7 5.c4 O-O 6.d4 a5 7.Nc3 c6 8.Ne5 Nfd7 
9.Be3 Nxe5 10.dxe5 Nd7 11.cxd5 cxd5 12.Bd4 Nc5 13.f4 Bd7 14.Rc1 Rc8 15.Qd2
g6 16.Qe3 Na6 17.Rcd1 b5 18.Rd2 b4 19.Nd1 Bc5 20.Bxc5 Nxc5 21.Nf2 Bb5 22.
g4 f5 23.exf6 Qxf6 24.Nd1 Qh4 25.Nf2 Qf6 26.Nd1 Qh4 27.g5 Ne4 28.Bxe4 dxe4
29.Qg3 Qxg3+ 30.hxg3 Rfd8 31.Rxd8+ Rxd8 32.Kf2 Rd2 33.Re1 Bc6 34.Ke3 Rc2 
35.Kd4 Bd5 36.Ne3 Rxb2 37.Ng4 Rc2 38.Nf6+ Kh8 39.Rh1 Rc7 40.Ra1 Rc2 41.Rh1
Rc7 42.Ra1 Rc2 1/2-1/2

[Event "26th EUR-ch"]
[Site "Katowice POL"]
[Date "2026.04.10"]
[Round "4.125"]
[White "Drazic, Sinisa"]
[Black "Piliposian, Robert"]
[Result "1/2-1/2"]
[WhiteElo "2239"]
[BlackElo "2420"]
[EventDate "2026.04.07"]
[PlyCount "206"]

1.e4 e5 2.Nf3 Nc6 3.Nc3 Nf6 4.a3 d5 5.Bb5 Nxe4 6.Nxe5 Qg5 7.Nxc6 Qxg2 8.
Qf3 Qxf3 9.Ne5+ c6 10.Nxf3 Nxc3 11.Bxc6+ bxc6 12.dxc3 c5 13.Bf4 f6 14.
O-O-O Bb7 15.Rhe1+ Kf7 16.Nd2 g5 17.Bg3 h5 18.Nc4 Rd8 19.Na5 Ba8 20.h3 Be7
21.h4 gxh4 22.Bxh4 c4 23.f4 Bc5 24.f5 Rde8 25.Rh1 Re5 26.Rdf1 Rg8 27.Bf2 
Bb6 28.Rxh5 Bxa5 29.Bxa7 Bc6 30.Kd1 Bc7 31.Bd4 Re4 32.Rh7+ Rg7 33.Rxg7+ 
Kxg7 34.Rg1+ Kf7 35.Rh1 Be5 36.Bc5 Rf4 37.Rh7+ Kg8 38.Ra7 Rxf5 39.Ra6 Be8 
40.Ra8 Kf7 41.a4 Rf1+ 42.Kd2 Ra1 43.a5 Bc6 44.Ra6 Bd7 45.Ra7 Ke6 46.Ba3 
Rh1 47.Bc5 Rh2+ 48.Kc1 Bf4+ 49.Kb1 Ba4 50.Re7+ Kf5 51.a6 Bxc2+ 52.Ka2 Ba4 
53.Ka3 Bc6 54.a7 Rh1 55.Ka2 Rh8 56.Rf7 Be5 57.Ka3 Ke4 58.Kb4 Kd3 59.Be7 
Ra8 60.Bxf6 Bxf6 61.Rxf6 Bb7 62.Rf3+ Kc2 63.Rf2+ Kd3 64.Kc5 Rc8+ 65.Kb6 
Ba8 66.Rh2 Ke3 67.Kb5 Rf8 68.Kc5 Rf7 69.Kb6 Rf8 70.Kc5 Kd3 71.Rh6 Kc2 72.
Rh2+ Kb3 73.Kb5 Rc8 74.Rf2 Rd8 75.Rh2 Rf8 76.Ka5 Rf7 77.Kb6 Rf6+ 78.Kb5 
Rf8 79.Ka5 Rf6 80.Kb5 Bc6+ 81.Kb6 Ba8+ 82.Kb5 Rf8 83.Ka5 Rd8 84.Kb5 d4 85.
cxd4 Rxd4 86.Kc5 Rd7 87.Rh3+ Kxb2 88.Kxc4 Rxa7 89.Rh2+ Ka3 90.Rh3+ Ka4 91.
Rh8 Rc7+ 92.Kd4 Bb7 93.Rh2 Kb3 94.Rd2 Rd7+ 95.Ke3 Rh7 96.Rd3+ Kc4 97.Rd4+ 
Kc5 98.Rd8 Re7+ 99.Kd3 Ba6+ 100.Kc3 Re3+ 101.Kd2 Rh3 102.Kc2 Bb7 103.Rg8 
Kd4 1/2-1/2

[Event "26th EUR-ch"]
[Site "Katowice POL"]
[Date "2026.04.10"]
[Round "4.126"]
[White "Rudzinska, Michalina"]
[Black "Stefansson, Hannes Hlifar"]
[Result "1/2-1/2"]
[WhiteElo "2204"]
[BlackElo "2414"]
[EventDate "2026.04.07"]
[PlyCount "117"]

1.e4 c6 2.d4 d5 3.e5 Bf5 4.c4 e6 5.Nc3 Ne7 6.h3 h6 7.Nf3 Nd7 8.b3 Bh7 9.a3
Qc7 10.Bd3 Bxd3 11.Qxd3 Ng6 12.cxd5 cxd5 13.h4 a6 14.h5 Ne7 15.Bd2 Nc6 16.
O-O Be7 17.Ne2 Qb6 18.b4 Qc7 19.Nh2 Nb6 20.f4 Nc4 21.f5 Nxd2 22.Qxd2 Bg5 
23.Qd3 exf5 24.Rxf5 Ne7 25.Rff1 Rc8 26.Nf3 Qc2 27.Rad1 Qxd3 28.Rxd3 O-O 
29.Nxg5 hxg5 30.Rc3 Rxc3 31.Nxc3 Rc8 32.Rf3 Rc4 33.Rd3 Nf5 34.Nxd5 Rxd4 
35.Rxd4 Nxd4 36.Kf2 Nc6 37.Ke3 Nxe5 38.Kd4 Nd7 39.Ne3 Kf8 40.Kd5 Ke7 41.
Nf5+ Kf6 42.Nd6 b5 43.Ne8+ Kf5 44.Nxg7+ Kg4 45.h6 Nf8 46.Ke5 Nh7 47.g3 
Kxg3 48.Nh5+ Kf3 49.Nf6 Nf8 50.Kf5 Ke3 51.h7 Nxh7 52.Nxh7 Kd4 53.Nf6 Kc4 
54.Nd7 Kb3 55.Nc5+ Kxa3 56.Nxa6 f6 57.Kg4 Kb3 58.Kf5 Kc4 59.Ke4 1/2-1/2

[Event "26th EUR-ch"]
[Site "Katowice POL"]
[Date "2026.04.10"]
[Round "4.127"]
[White "Reuker, Jari"]
[Black "Zalega, Maciej"]
[Result "1-0"]
[WhiteElo "2413"]
[BlackElo "2233"]
[EventDate "2026.04.07"]
[PlyCount "101"]

1.e4 c5 2.Nf3 Nc6 3.d4 cxd4 4.Nxd4 Nf6 5.Nc3 d6 6.Bc4 e6 7.Be3 a6 8.Qe2 
Qc7 9.Nxc6 bxc6 10.g4 Be7 11.g5 Nd7 12.O-O-O Bb7 13.f4 d5 14.Bb3 O-O 15.f5
exf5 16.exf5 Rfe8 17.Qf2 Bd6 18.Kb1 Ne5 19.Rhg1 a5 20.h4 Ba6 21.Bb6 Qb7 
22.g6 hxg6 23.fxg6 Nc4 24.Bd4 Be5 25.h5 f6 26.h6 gxh6 27.g7 Qe7 28.a4 Bxd4
29.Qxd4 Qe3 30.Qxf6 Nd2+ 31.Ka2 Nxb3 32.cxb3 Re6 33.Qf5 Qe5 34.Qf2 Qe3 35.
Qf5 Qe5 36.Qf2 Qe3 37.Qxe3 Rxe3 38.Rg6 Bb7 39.Rh1 Re7 40.Rgxh6 Rxg7 41.Ka3
Kf7 42.b4 axb4+ 43.Kxb4 Ke7 44.Kc5 Kd7 45.Rh7 Rg8 46.Ne2 Ba6 47.Nd4 Bd3 
48.Rxg7+ Rxg7 49.Rh6 Rg2 50.Rd6+ Ke7 51.Nxc6+ 1-0

[Event "26th EUR-ch"]
[Site "Katowice POL"]
[Date "2026.04.10"]
[Round "4.128"]
[White "Starosta, Martyna"]
[Black "Karsay, Pascal"]
[Result "1/2-1/2"]
[WhiteElo "2199"]
[BlackElo "2412"]
[EventDate "2026.04.07"]
[PlyCount "48"]

1.d4 d5 2.c4 e6 3.Nf3 Nf6 4.g3 Be7 5.Bg2 O-O 6.O-O dxc4 7.Qc2 b5 8.a4 b4 
9.Ne5 Nd5 10.Nxc4 c5 11.dxc5 Ba6 12.Ne3 Nd7 13.Nxd5 exd5 14.Rd1 Rc8 15.
Rxd5 Bxc5 16.Qf5 Bxf2+ 17.Kxf2 Rxc1 18.Qxd7 Qf6+ 19.Bf3 Qxb2 20.Qe7 g6 21.
Rd8 Rxd8 22.Qxd8+ Kg7 23.Nc3 Qxa1 24.Qd4+ Kg8 1/2-1/2

[Event "26th EUR-ch"]
[Site "Katowice POL"]
[Date "2026.04.10"]
[Round "4.129"]
[White "Kosmas-Lekkas, Dimitrios"]
[Black "Piesik, Piotr"]
[Result "0-1"]
[WhiteElo "2195"]
[BlackElo "2407"]
[EventDate "2026.04.07"]
[PlyCount "112"]

1.c4 e6 2.g3 d5 3.Nf3 Nf6 4.Bg2 Bd6 5.O-O O-O 6.b3 b6 7.Bb2 Bb7 8.Nc3 Nbd7
9.Rc1 a6 10.e3 Qe7 11.cxd5 exd5 12.Qc2 Rac8 13.Nh4 g6 14.d3 Ba3 15.e4 Bxb2
16.Qxb2 Ne5 17.Qe2 d4 18.Nb1 c5 19.Bh3 Rce8 20.f4 Nc6 21.Qd1 Bc8 22.Bxc8 
Rxc8 23.h3 Nh5 24.Kh2 f6 25.a3 Ng7 26.Nd2 g5 27.Nf5 Nxf5 28.exf5 gxf4 29.
Rxf4 Rce8 30.Re4 Qd7 31.Qg4+ Kh8 32.Rce1 Ne5 33.Qh5 Qf7 34.Qxf7 Rxf7 35.
Nc4 Nf3+ 36.Kh1 Rg8 37.R1e2 Rxg3 38.Rg4 Rxg4 39.hxg4 b5 40.Nd6 Rg7 41.Re8+
Rg8 42.Rxg8+ Kxg8 43.Ne4 c4 44.bxc4 bxc4 45.dxc4 Kf7 46.Kg2 Ne5 47.Kg3 
Nxc4 48.g5 d3 49.Kf2 fxg5 50.Nxg5+ Kf6 51.Nxh7+ Kxf5 52.a4 a5 53.Kf3 Ke5 
54.Ng5 Kd4 55.Ne4 Nb2 56.Nd6 d2 0-1

[Event "26th EUR-ch"]
[Site "Katowice POL"]
[Date "2026.04.10"]
[Round "4.130"]
[White "Paszewski, Mateusz"]
[Black "Ringuet, Noe"]
[Result "1/2-1/2"]
[WhiteElo "2407"]
[BlackElo "2220"]
[EventDate "2026.04.07"]
[PlyCount "27"]

1.e4 d6 2.d4 Nf6 3.Nc3 e5 4.Nge2 c6 5.h3 b5 6.a3 h5 7.Ng1 Be7 8.Nf3 Nbd7 
9.Be2 O-O 10.O-O Bb7 11.Re1 Re8 12.Bf1 a6 13.b3 Qc7 14.Bb2 1/2-1/2

[Event "26th EUR-ch"]
[Site "Katowice POL"]
[Date "2026.04.10"]
[Round "4.131"]
[White "Salimova, Nurgyul"]
[Black "Rodriguez Redondo, Adhara"]
[Result "1-0"]
[WhiteElo "2399"]
[BlackElo "2203"]
[EventDate "2026.04.07"]
[PlyCount "83"]

1.d4 d5 2.Nf3 Nf6 3.Bf4 e6 4.e3 c5 5.c3 Nc6 6.Nbd2 cxd4 7.exd4 Nh5 8.Be3 
Bd6 9.Bd3 Nf4 10.Bxf4 Bxf4 11.O-O O-O 12.Re1 Qc7 13.g3 Bh6 14.Nf1 g6 15.
Ne3 Kh8 16.Qe2 Bd7 17.h4 f5 18.Nf1 Rae8 19.Bb5 f4 20.Bxc6 Bxc6 21.Qe5+ 
Qxe5 22.Nxe5 fxg3 23.fxg3 Bb5 24.Ne3 Bg7 25.N3g4 Bxe5 26.Nxe5 Rf5 27.Re3 
Ref8 28.a4 Bc4 29.Nd7 R8f7 30.Ne5 Rf8 31.Nxc4 dxc4 32.Rae1 Rf2 33.R1e2 
Rf1+ 34.Kg2 Ra1 35.Rxe6 Rff1 36.Re7 Rg1+ 37.Kf3 Rgf1+ 38.Kg4 Rxa4 39.Rxb7 
Rf8 40.Ree7 h5+ 41.Kg5 Ra5+ 42.Kh6 1-0

[Event "26th EUR-ch"]
[Site "Katowice POL"]
[Date "2026.04.10"]
[Round "4.132"]
[White "Kuegel, Tobias"]
[Black "Mizzi, Jack"]
[Result "0-1"]
[WhiteElo "2398"]
[BlackElo "2192"]
[EventDate "2026.04.07"]
[PlyCount "166"]

1.d4 d5 2.c4 e6 3.Nc3 c6 4.e4 dxe4 5.Nxe4 Bb4+ 6.Bd2 Bxd2+ 7.Qxd2 Nf6 8.
Nxf6+ Qxf6 9.Nf3 Nd7 10.h4 b6 11.a4 Bb7 12.a5 c5 13.d5 O-O-O 14.axb6 axb6 
15.d6 Ne5 16.Be2 Kb8 17.Rh3 Rd7 18.Nxe5 Qxe5 19.f4 Qd4 20.Rd3 Qg1+ 21.Bf1 
Rhd8 22.O-O-O Be4 23.Rb3 Kb7 24.Bd3 Qd4 25.Qa5 Rxd6 26.Rxb6+ Rxb6 27.Bxe4+
Qxe4 28.Rxd8 Qxc4+ 29.Kd1 Qf1+ 30.Kc2 Qxg2+ 31.Rd2 Qe4+ 32.Kd1 Qb1+ 33.Ke2
Rxb2 34.Rxb2+ Qxb2+ 35.Kf3 Qb6 36.Qc3 f6 37.Kg3 Kc7 38.Qc2 g6 39.Qc3 e5 
40.fxe5 fxe5 41.Qc4 Qd6 42.Qf7+ Qd7 43.Qc4 Kd6 44.Qg8 e4 45.Qc4 h5 46.Qa6+
Ke7 47.Qa1 Qg4+ 48.Kh2 Qxh4+ 49.Kg2 Qg5+ 50.Kh2 Qd2+ 51.Kh3 Qd7+ 52.Kh2 
Kf7 53.Qe5 Qf5 54.Qc7+ Kg8 55.Qe7 h4 56.Kg2 Qf3+ 57.Kg1 Qf4 58.Qxc5 e3 59.
Qe7 Kh8 60.Kg2 Qg4+ 61.Kh2 Qf4+ 62.Kg2 Qf2+ 63.Kh1 Qf3+ 64.Kg1 h3 65.Qh4+ 
Kg7 66.Qd4+ Kh7 67.Qd7+ Kh6 68.Qxh3+ Qh5 69.Qc8 Qf5 70.Qe8 Kh5 71.Kg2 e2 
72.Qh8+ Kg5 73.Qd8+ Qf6 74.Qd2+ Qf4 75.Qd8+ Kh5 76.Qh8+ Kg4 77.Qc8+ Qf5 
78.Qc4+ Kh5 79.Qc3 Qe4+ 80.Kh2 e1=Q 81.Qf3+ Kg5 82.Qg4+ Kh6 83.Qg5+ Kxg5 
0-1

[Event "26th EUR-ch"]
[Site "Katowice POL"]
[Date "2026.04.10"]
[Round "4.133"]
[White "Sukiasian, Vahe A."]
[Black "Ugorek, Kacper"]
[Result "1-0"]
[WhiteElo "2395"]
[BlackElo "2181"]
[EventDate "2026.04.07"]
[PlyCount "83"]

1.e4 c5 2.Nf3 g6 3.Bc4 Bg7 4.c3 e6 5.O-O Ne7 6.Re1 O-O 7.Bf1 d5 8.e5 b6 9.
d4 Ba6 10.Bxa6 Nxa6 11.h4 Qd7 12.Bf4 Nc6 13.h5 Rac8 14.Qd3 Nab8 15.a3 Na5 
16.Nbd2 cxd4 17.cxd4 Nc4 18.b3 Nxd2 19.Bxd2 Nc6 20.Rac1 Rfe8 21.Nh2 gxh5 
22.Nf1 f6 23.f4 fxe5 24.fxe5 Qf7 25.Re3 Ne7 26.Rxc8 Rxc8 27.Qa6 Rc7 28.Ng3
h4 29.Ne2 Nf5 30.Rf3 Kh8 31.Qd3 Rc8 32.Be1 Bh6 33.Bxh4 Qg6 34.Bf6+ Kg8 35.
Ng3 Rc1+ 36.Kf2 Ne3 37.Rxe3 Bxe3+ 38.Qxe3 Rd1 39.Qc3 Qe8 40.Ne2 Rh1 41.Qc7
Qh5 42.Qg7# 1-0

[Event "26th EUR-ch"]
[Site "Katowice POL"]
[Date "2026.04.10"]
[Round "4.134"]
[White "Majcher, Igor"]
[Black "Smolik, Jachym"]
[Result "1/2-1/2"]
[WhiteElo "2184"]
[BlackElo "2395"]
[EventDate "2026.04.07"]
[PlyCount "63"]

1.Nf3 Nf6 2.g3 d5 3.Bg2 c6 4.O-O Bf5 5.c4 e6 6.Qb3 Qb6 7.d3 Nbd7 8.Be3 
Qxb3 9.axb3 a6 10.Bd4 Be7 11.Bc3 O-O 12.Nbd2 Rfe8 13.Rfe1 Bg6 14.e4 dxe4 
15.dxe4 Nc5 16.Ne5 Rad8 17.b4 Ncd7 18.Nxg6 hxg6 19.c5 Ne5 20.Re2 Nfd7 21.
f4 Ng4 22.h3 Nh6 23.Nc4 f6 24.Rd2 Nf8 25.Rad1 Nf7 26.Kf2 Rxd2+ 27.Rxd2 Rb8
28.Bf1 Nd8 29.Kf3 Kf7 30.g4 Ke8 31.Nb6 Nf7 32.Bc4 1/2-1/2

[Event "26th EUR-ch"]
[Site "Katowice POL"]
[Date "2026.04.10"]
[Round "4.135"]
[White "Obada, Ema"]
[Black "Maltsevskaya, Aleksandra"]
[Result "0-1"]
[WhiteElo "2181"]
[BlackElo "2393"]
[EventDate "2026.04.07"]
[PlyCount "74"]

1.e4 e6 2.d4 d5 3.e5 c5 4.c3 Nc6 5.Nf3 Bd7 6.Be2 Rc8 7.O-O h6 8.Nbd2 cxd4 
9.cxd4 Nge7 10.Nb3 Nf5 11.Bd2 Be7 12.Bc3 O-O 13.Bd3 a5 14.g4 Nh4 15.Nxh4 
Bxh4 16.f4 f6 17.exf6 Qxf6 18.Nc5 Be8 19.Qe2 Nxd4 20.Qe3 e5 21.fxe5 Nf3+ 
22.Kg2 Qg5 23.Qxg5 Nxg5 24.Rxf8+ Kxf8 25.Bd4 b6 26.Nb3 Bd7 27.h3 a4 28.
Rf1+ Kg8 29.Nd2 Ne6 30.Bg1 Bg5 31.Rf2 Nf4+ 32.Rxf4 Bxf4 33.Nf3 a3 34.bxa3 
Rc3 35.Bb1 Be3 36.Bxe3 Rxe3 37.Nd4 Rxe5 0-1

[Event "26th EUR-ch"]
[Site "Katowice POL"]
[Date "2026.04.10"]
[Round "4.136"]
[White "Kulich, Filip"]
[Black "Oktem, Ege Tuna"]
[Result "0-1"]
[WhiteElo "2171"]
[BlackElo "2392"]
[EventDate "2026.04.07"]
[PlyCount "64"]

1.e4 e6 2.d4 d5 3.Nc3 Nf6 4.Bg5 dxe4 5.Nxe4 Be7 6.Bxf6 Bxf6 7.Nf3 Nd7 8.
Qd3 O-O 9.O-O-O b6 10.h4 Bb7 11.Kb1 Re8 12.g4 g6 13.Bg2 Bg7 14.h5 Qe7 15.
g5 Rad8 16.hxg6 hxg6 17.Qe3 c5 18.Qf4 cxd4 19.Rh3 e5 20.Qh4 Bxe4 21.Qxe4 
Qe6 22.Qh4 Nc5 23.Nd2 e4 24.Bf1 d3 25.c3 Qc6 26.Bg2 Na4 27.Rdh1 Kf8 28.Qf4
Nxc3+ 29.Ka1 Nd5 30.Rh8+ Bxh8 31.Rxh8+ Kg7 32.Rh1 Nxf4 0-1

[Event "26th EUR-ch"]
[Site "Katowice POL"]
[Date "2026.04.10"]
[Round "4.137"]
[White "Elci, Eren"]
[Black "Borrmann, Laurenz"]
[Result "1/2-1/2"]
[WhiteElo "2159"]
[BlackElo "2391"]
[EventDate "2026.04.07"]
[PlyCount "72"]

1.d4 Nf6 2.c4 e6 3.Nc3 Bb4 4.a3 Bxc3+ 5.bxc3 Nc6 6.f3 b6 7.e4 Na5 8.Bd3 
Ba6 9.Qe2 c5 10.Be3 Rc8 11.d5 d6 12.Nh3 Qe7 13.O-O h6 14.dxe6 Qxe6 15.Nf4 
Qe5 16.Nd5 Nxd5 17.cxd5 c4 18.Bc2 Qxc3 19.Bf4 Rd8 20.e5 Qd4+ 21.Kh1 O-O 
22.Bg3 Rfe8 23.Rad1 Rxe5 24.Bxe5 Qxe5 25.Qf2 Qc3 26.Rfe1 Qf6 27.Qe3 Bb5 
28.h3 Nb7 29.Rd4 Kf8 30.a4 Bd7 31.Rxc4 Nc5 32.Qd2 Re8 33.Rxe8+ Bxe8 34.Rb4
Qa1+ 35.Kh2 Qa2 36.Qd1 Qa3 1/2-1/2

[Event "26th EUR-ch"]
[Site "Katowice POL"]
[Date "2026.04.10"]
[Round "4.138"]
[White "Kyparissopoulos, Spyridon"]
[Black "Lazov, Toni"]
[Result "0-1"]
[WhiteElo "2133"]
[BlackElo "2389"]
[EventDate "2026.04.07"]
[PlyCount "76"]

1.d4 Nf6 2.c4 c5 3.d5 g6 4.Nc3 Bg7 5.e4 O-O 6.Nf3 d6 7.Bd3 e6 8.O-O exd5 
9.exd5 Bg4 10.h3 Bxf3 11.Qxf3 Nfd7 12.Qd1 Ne5 13.Be2 f5 14.f4 Nf7 15.Be3 
Nd7 16.Qd2 Re8 17.Bf2 Bxc3 18.bxc3 Nf6 19.Bd3 Ne4 20.Bxe4 Rxe4 21.Rae1 
Rxc4 22.Re6 Qa5 23.Rfe1 Qa4 24.Re7 Rxf4 25.Bg3 Re4 26.R1xe4 fxe4 27.Kh2 
Re8 28.Rxb7 Qa6 29.Qb2 e3 30.c4 Qxc4 31.Rb8 Qe4 32.Qb5 Kf8 33.Qb2 e2 34.
Bxd6+ Nxd6 35.Qh8+ Kf7 36.Qxh7+ Kf6 37.Rxe8 Nxe8 38.Qh8+ Kf7 0-1

[Event "26th EUR-ch"]
[Site "Katowice POL"]
[Date "2026.04.10"]
[Round "4.139"]
[White "Yordanov, Lachezar"]
[Black "Petrovic, Aleksa"]
[Result "1-0"]
[WhiteElo "2384"]
[BlackElo "2178"]
[EventDate "2026.04.07"]
[PlyCount "93"]

1.e4 c6 2.d4 d5 3.exd5 cxd5 4.Bd3 Nc6 5.c3 Nf6 6.Bf4 g6 7.Qc2 Bg7 8.Nf3 
O-O 9.O-O Nh5 10.Be3 e5 11.dxe5 Nxe5 12.Be2 Ng4 13.Bc5 Re8 14.h3 Ngf6 15.
Bb5 Bd7 16.Bxd7 Qxd7 17.Nbd2 Nf4 18.Rfe1 N6h5 19.Rxe8+ Rxe8 20.Re1 Rxe1+ 
21.Nxe1 Bh6 22.Ndf3 Qb5 23.Bxa7 Qa6 24.Bc5 Qxa2 25.Be3 Qc4 26.Nd4 Bf8 27.
Nef3 Qd3 28.Qc1 Qe4 29.Qf1 Bd6 30.Qa1 Kg7 31.Qd1 h6 32.Nb5 Be5 33.Nbd4 Bf6
34.Qf1 Kh7 35.Bd2 Bxd4 36.Nxd4 Ne6 37.Nxe6 Qxe6 38.Qb5 Qc6 39.Qb4 Kg7 40.
Be3 g5 41.h4 Qg6 42.Bd4+ Nf6 43.Qxb7 Qb1+ 44.Kh2 Qe4 45.Qc6 Qxh4+ 46.Kg1 
Qf4 47.b4 1-0

[Event "26th EUR-ch"]
[Site "Katowice POL"]
[Date "2026.04.10"]
[Round "4.140"]
[White "Tezcan, Alper"]
[Black "Sieciechowicz, Marcin"]
[Result "1/2-1/2"]
[WhiteElo "2122"]
[BlackElo "2383"]
[EventDate "2026.04.07"]
[PlyCount "58"]

1.e4 e5 2.Nf3 Nc6 3.Nc3 Nf6 4.d4 exd4 5.Nxd4 Bb4 6.Nxc6 bxc6 7.Bd3 O-O 8.
O-O d5 9.exd5 cxd5 10.Bg5 c6 11.Qf3 Bd6 12.Rfe1 h6 13.Bxf6 Qxf6 14.Qxf6 
gxf6 15.Ne2 Rb8 16.b3 Bd7 17.Ng3 Be5 18.Rad1 Rfe8 19.Nf5 h5 20.h4 Be6 21.
Ne3 Bc3 22.Re2 c5 23.Kf1 Red8 24.Bf5 Bd4 25.Bd3 Be5 26.c4 dxc4 27.Nxc4 
Bxc4 28.bxc4 Kg7 29.g3 Rd7 1/2-1/2

[Event "26th EUR-ch"]
[Site "Katowice POL"]
[Date "2026.04.10"]
[Round "4.142"]
[White "Arat, Ufuk Sezen"]
[Black "Bachor, Tomasz"]
[Result "1-0"]
[WhiteElo "2372"]
[BlackElo "2178"]
[EventDate "2026.04.07"]
[PlyCount "119"]

1.d4 Nf6 2.c4 g6 3.Nc3 Bg7 4.e4 d6 5.h3 O-O 6.Be3 e5 7.d5 Nh5 8.g3 a5 9.
Be2 Nf6 10.g4 Na6 11.g5 Nd7 12.h4 Ndc5 13.Nf3 Bd7 14.h5 a4 15.Nd2 c6 16.f3
f6 17.gxf6 Bxf6 18.hxg6 hxg6 19.Nf1 Bh4+ 20.Bf2 Bg5 21.Ne3 Nb4 22.Nc2 
Nxc2+ 23.Qxc2 a3 24.b4 Na6 25.Rb1 Kg7 26.c5 Rh8 27.Rg1 Rh2 28.dxc6 bxc6 
29.Bxa6 Rxa6 30.Qd3 Bh4 31.Nd1 Bc8 32.Qxd6 Qxd6 33.cxd6 Bxf2+ 34.Nxf2 Be6 
35.Rd1 Ra8 36.Rd2 Rb8 37.Ke2 Kf6 38.Kd3 Rh7 39.Kc3 Rd8 40.Ng4+ Bxg4 41.
Rxg4 Rhd7 42.Rdg2 Rg8 43.Rd2 Rgd8 44.Kb3 Rxd6 45.Rxd6+ Rxd6 46.Kxa3 Rd3+ 
47.Kb2 Rxf3 48.a4 g5 49.a5 Rd3 50.Rg1 Ke6 51.a6 Rd7 52.Rxg5 Kd6 53.Kc3 Ra7
54.Rg6+ Kc7 55.Rg7+ Kb6 56.Rxa7 Kxa7 57.Kc4 Kb6 58.a7 Kxa7 59.Kc5 Kb7 60.
Kd6 1-0

[Event "26th EUR-ch"]
[Site "Katowice POL"]
[Date "2026.04.10"]
[Round "4.143"]
[White "Zhuk, Ivan"]
[Black "Ambartsumian, Tyhran"]
[Result "0-1"]
[WhiteElo "2068"]
[BlackElo "2372"]
[EventDate "2026.04.07"]
[PlyCount "164"]

1.c4 Nf6 2.g3 e6 3.Bg2 d5 4.Nf3 Be7 5.O-O O-O 6.d3 h6 7.Ne5 Nbd7 8.f4 d4 
9.Nd2 Nxe5 10.fxe5 Ng4 11.Nf3 Bg5 12.Nxg5 hxg5 13.Qd2 Ne3 14.Rf3 Nxg2 15.
Kxg2 b6 16.Kg1 Bb7 17.Rf2 f6 18.exf6 gxf6 19.e4 dxe3 20.Qxe3 Qd6 21.Kf1 
Rad8 22.Ke2 g4 23.Kd2 b5 24.c5 Qe5 25.Kc2 Qxe3 26.Bxe3 e5 27.a4 b4 28.a5 
Bc6 29.Bh6 Rf7 30.Raf1 Bf3 31.Bd2 Rfd7 32.Bxb4 Rxd3 33.Rd2 Rxd2+ 34.Bxd2 
Be4+ 35.Kc1 Kg7 36.Rd1 Rh8 37.Bc3 Bc6 38.Rd2 a6 39.Re2 Kf7 40.Kd2 Ke6 41.
Ke3 Bf3 42.Rc2 Bd1 43.Rd2 Bb3 44.Rf2 Rh6 45.Rd2 Rh5 46.Rf2 Rh3 47.Be1 Bd5 
48.Bd2 f5 49.Ke2 Bc4+ 50.Kd1 Rh5 51.Be3 Kd5 52.Rd2+ Ke4 53.Bg1 Bd3 54.b4 
f4 55.gxf4 exf4 56.Rg2 g3 57.Rd2 Bb5 58.hxg3 fxg3 59.Kc2 Rh1 60.Bd4 Kf3 
61.Kc3 c6 62.Ra2 Rd1 63.Rd2 Rc1+ 64.Kb2 Rf1 65.Rc2 Rf2 66.Kc1 Rxc2+ 67.
Kxc2 Ke2 68.Kc3 g2 69.Kc2 Kf1 70.Kd2 g1=Q 71.Bxg1 Kxg1 72.Ke3 Kf1 73.Kd2 
Kf2 74.Kc3 Ke3 75.Kc2 Kd4 76.Kb3 Kd3 77.Kb2 Kc4 78.Ka3 Kc3 79.Ka2 Bc4+ 80.
Ka3 Bb3 81.b5 axb5 82.a6 b4# 0-1

[Event "26th EUR-ch"]
[Site "Katowice POL"]
[Date "2026.04.10"]
[Round "4.144"]
[White "Odabasi, Ruzgar"]
[Black "Hulka, Valentyn"]
[Result "1-0"]
[WhiteElo "2065"]
[BlackElo "2372"]
[EventDate "2026.04.07"]
[PlyCount "119"]

1.Nf3 d5 2.g3 Nf6 3.Bg2 e6 4.O-O Bd6 5.d4 O-O 6.c4 Nc6 7.b3 dxc4 8.bxc4 e5
9.c5 Be7 10.Nxe5 Nxd4 11.c6 Nxc6 12.Nxc6 bxc6 13.Qc2 Nd5 14.Qxc6 Be6 15.
Ba3 Rb8 16.Rd1 Rb6 17.Qc1 Bxa3 18.Nxa3 Rd6 19.Nb5 Rd7 20.Nd4 Qf6 21.Nxe6 
Nc3 22.Re1 fxe6 23.Qe3 a5 24.Bf3 Rd6 25.Rac1 Nb5 26.a4 Nd4 27.Bg2 c6 28.
Rf1 Rb8 29.Rb1 Rdd8 30.Kh1 c5 31.Rxb8 Rxb8 32.Qc3 Nb3 33.Qe3 Rb4 34.Rd1 
Nd4 35.Qe4 Qf5 36.Qa8+ Kf7 37.Qxa5 Rb1 38.Qe1 Rb2 39.e3 Nf3 40.Bxf3 Qxf3+ 
41.Kg1 c4 42.Rc1 Re2 43.Qf1 g5 44.Rxc4 Ra2 45.Rd4 Kg7 46.Rd7+ Kf6 47.Rd4 
Kg7 48.Rc4 h6 49.Rb4 Qc6 50.Qb1 Rc2 51.Qa1+ Kg6 52.Rb1 Kf5 53.Qd4 Rc4 54.
Qd3+ Kg4 55.Qe2+ Kf5 56.a5 Qe4 57.Rd1 Rc2 58.Qb5+ Kf6 59.Ra1 Qf3 60.Qf1 
1-0